[Event "Kstovo op"]
[Site "Kstovo"]
[Date "1994.??.??"]
[Round "9"]
[White "Balashov, Yuri S"]
[Black "Petrushin, Alexander I"]
[Result "1-0"]
[WhiteElo "2505"]
[BlackElo "2490"]
[Annotator "Dolmatov,S"]
[PlyCount "71"]
[EventDate "1994.08.??"]
[EventType "swiss"]
[EventRounds "9"]
[EventCountry "RUS"]
[SourceTitle "CBM 042 Extra"]
[Source "ChessBase"]
[SourceDate "1994.11.01"]
[SourceVersion "1"]
[SourceVersionDate "1994.11.01"]
[SourceQuality "1"]

{CBM 43} 1. e4 c5 2. Nc3 Nc6 3. Nf3 Nf6 (3... e5) 4. Bb5 g6 (4... Nd4 $6 5. e5
Nxb5 6. Nxb5 Nd5 7. Ng5 $5 $40) 5. e5 Ng4 6. Bxc6 dxc6 7. h3 Nh6 8. d3 $14 Bg7
9. O-O $6 (9. g4 $5 O-O 10. Qe2 f5 11. g5 Nf7 12. Bf4 Be6 13. h4 Qa5 14. Kf1 $1
$16) 9... O-O 10. Ne4 b6 11. b3 f5 $6 (11... Nf5 $5 12. Bb2 Nd4 $10) 12. Neg5
Nf7 13. Nxf7 Rxf7 14. Bf4 h6 15. h4 e6 16. Qd2 $14 Kh7 17. Kh2 a5 18. a4 Ba6
19. Rh1 (19. Rg1 Qd5 20. Qe3 Raf8 21. Rae1 $14) 19... Rd7 $6 (19... Qd5 $5 20.
Kg1 Raf8 21. h5 g5 22. Bxg5 hxg5 23. Nxg5+ Kg8 $132) 20. Kg1 (20. Qe3) 20... c4
$2 21. bxc4 Bxc4 22. Qe3 Bd5 (22... Ba6 23. h5 g5 24. Bxg5 hxg5 25. Nxg5+ Kg8
26. Nxe6 $16) 23. h5 $1 g5 (23... Bxf3 24. hxg6+ Kxg6 25. Qxf3 $18) 24. Bxg5
hxg5 25. Nxg5+ Kg8 26. h6 (26. c4 Bh6) 26... Bf8 $2 (26... Bxe5 $5 27. h7+ (27.
Re1 Bf6 28. h7+ Kh8 29. Nxe6 $13) 27... Rxh7 28. Rxh7 (28. Nxh7 Bxa1 29. Qg3+
Bg7) 28... Bxa1 29. d4 (29. c4 Bf6) 29... Qf6 30. c3 Bxc3) 27. c4 Bxc4 28. h7+
Kh8 29. dxc4 $16 Bc5 30. Qf4 Raa7 31. Rh6 (31. Nxe6 $2 Rd1+ 32. Kh2 Rxh7+ $19)
31... Rd4 (31... Rd2 32. Rf1 $18) 32. Qc1 Rd2 $6 (32... Rg4 33. Nxe6 Bxf2+ 34.
Kxf2 Qd3 35. Rh3 $18) 33. Nxe6 $18 Bxf2+ 34. Kh1 Qd3 (34... Qd7 35. Nf8 $18)
35. Nf4 Qe3 36. Ng6+ 1-0

[Event "RUS-ch"]
[Site "Elista"]
[Date "1995.??.??"]
[Round "4"]
[White "Morozevich, Alexander"]
[Black "Shcherbakov, Ruslan"]
[Result "1-0"]
[WhiteElo "2630"]
[BlackElo "2520"]
[Annotator "Dolmatov,S"]
[PlyCount "81"]
[EventDate "1995.10.??"]
[EventType "swiss"]
[EventRounds "11"]
[EventCountry "RUS"]
[SourceTitle "CBM 050"]
[Source "ChessBase"]
[SourceDate "1996.02.01"]
[SourceVersion "1"]
[SourceVersionDate "1996.02.01"]
[SourceQuality "1"]

1. e4 c5 2. Nf3 Nc6 3. Bb5 e6 4. O-O Nge7 5. c3 a6 6. Ba4 b5 7. Bc2 Bb7 8. d4
cxd4 9. cxd4 $5 {N/} (9. Nxd4 d5 10. Nxc6 Bxc6 11. e5 $14 {Ivanchuk,V-Lputian,
S/Biel/1993/ Inf 58/191/}) 9... Nb4 10. d5 (10. a3 $5 Nxc2 11. Qxc2 Rc8 12. Nc3
$14) 10... Nxc2 (10... exd5 $5 11. Nc3 (11. exd5 Nxc2 12. Qxc2 Nxd5 13. Re1+ (
13. Nc3 Be7) 13... Be7 $13) 11... Nxc2 12. Qxc2 $44) 11. Qxc2 Ng6 $6 12. Rd1
$14 Rc8 13. Qe2 Bc5 14. Be3 (14. dxe6 $6 fxe6 15. Bg5 Qb6 16. Nbd2 h6) 14...
Qb6 15. Bxc5 Qxc5 16. Nc3 O-O 17. Qd2 e5 $6 (17... exd5 $5 18. Nxd5 Bxd5 19.
Qxd5 Qxd5 20. Rxd5 Rfe8 21. Re1 Rc2 $14) 18. h4 d6 $16 19. h5 (19. g3 $6 h6 20.
h5 Ne7) 19... Nf4 20. h6 g6 21. a3 Qb6 22. Rac1 Rc4 23. Qe3 $1 (23. g3 Nh5 (
23... Nh3+ $6 24. Kg2 Bc8 25. Rh1 f5 26. Rxh3 fxe4 27. Ng5 Bxh3+ 28. Nxh3 $16))
23... Qxe3 24. fxe3 Nh5 25. Nd2 Rc7 26. a4 bxa4 $2 (26... Nf6 $5 27. axb5 Ng4
28. b6 Rcc8) 27. Nxa4 Rfc8 28. Rxc7 Rxc7 29. Nb6 Nf6 30. Nbc4 Ne8 31. b3 Kf8
32. Nf3 f6 (32... Bc8 33. Ra1 $16) 33. Rf1 Ke7 (33... Bc8 34. Ng5 $16 Kg8 35.
Ne6 Bxe6 36. dxe6 Kf8 37. Nb6 Rb7 38. Nd5 Rxb3 39. Rc1 $16) 34. Nh4 $1 {
/\35.Ng6 hg 36.h7+-} Kf7 35. g4 Bc8 36. g5 Bd7 37. Nf3 Bg4 38. Nfxe5+ dxe5 39.
Nxe5+ Ke7 40. Nxg4 fxg5 41. e5 1-0

[Event "Biel"]
[Site "Biel"]
[Date "1986.07.26"]
[Round "6"]
[White "Hug, Werner"]
[Black "Lobron, Eric"]
[Result "0-1"]
[WhiteElo "2455"]
[BlackElo "2515"]
[Annotator "Dolmatov,S"]
[PlyCount "106"]
[EventDate "1986.07.20"]
[EventType "tourn"]
[EventRounds "11"]
[EventCountry "SUI"]
[EventCategory "12"]
[SourceTitle "MCL"]
[Source "ChessBase"]
[SourceDate "1999.07.01"]
[SourceVersion "1"]
[SourceVersionDate "1999.07.01"]
[SourceQuality "1"]

1. Nf3 Nf6 2. g3 c5 3. Bg2 Nc6 4. O-O e6 5. d3 Be7 6. e4 d6 7. Re1 O-O 8. Nbd2
(8. c3 $5) 8... Bd7 9. a4 Rc8 10. Nc4 {/\ 11.e5+/=} Ng4 $2 (10... e5 $5 $13)
11. Nfd2 (11. h3 $5 Nge5 12. Nfxe5 Nxe5 (12... dxe5 13. f4 Bf6 14. c3 $14) 13.
Ne3 $14) 11... e5 12. h3 Nf6 13. Ne3 (13. f4 $5 exf4 14. gxf4 Be6 15. f5 Bxc4
16. Nxc4 $14) 13... g6 14. Ndc4 Be6 15. c3 Qd7 16. Kh2 Nh5 17. Nd5 Bd8 18. Bh6
Ng7 19. Qd2 Bxd5 (19... f5 $2 20. f4 $40) 20. exd5 Na5 21. Nxa5 Bxa5 $10 22.
Re2 Rfe8 23. Qc2 Nf5 24. Bd2 Kg7 25. Qb3 a6 26. Rae1 h5 27. Be4 Nh6 28. Bg2 Ng8
(28... h4 $5 29. g4 f5 30. Bxh6+ Kxh6 31. gxf5 gxf5 32. Qc4 Bd8 $15) 29. f4
exf4 30. Bxf4 Rxe2 31. Rxe2 Nf6 32. Qd1 $14 Re8 33. Rxe8 Nxe8 34. d4 c4 35. Bf1
b5 36. axb5 axb5 37. Qe2 (37. Qa1 $6 Bd8 38. Qa6 g5 $132) 37... Nf6 38. Bg2 Bd8
39. Qe3 Kh7 40. Qe2 Be7 41. Bf3 Qd8 $6 (41... Kg7 $32 $10) 42. b3 Qc7 43. bxc4
bxc4 44. Qa2 Kg7 45. Qa6 (45. Bg2 $14) 45... Qb8 46. Qxc4 Qb2+ 47. Kg1 Qc2 48.
Qb4 $2 (48. Qc7 Qb1+ 49. Kf2 Qc2+ 50. Kg1 $10) (48. Qe2 Qxc3 49. Qe3 Qa1+ 50.
Kh2 $10) 48... h4 49. gxh4 (49. Bxd6 hxg3 $19) 49... Qf5 $19 50. Bxd6 Bxd6 51.
Qxd6 Qxf3 52. Qe5 Qxc3 53. d6 Qxh3 0-1

[Event "RUS-ch"]
[Site "Elista"]
[Date "1995.??.??"]
[Round "8"]
[White "Morozevich, Alexander"]
[Black "Fominyh, Alexander"]
[Result "1/2-1/2"]
[WhiteElo "2630"]
[BlackElo "2515"]
[Annotator "Dolmatov,S"]
[PlyCount "98"]
[EventDate "1995.10.??"]
[EventType "swiss"]
[EventRounds "11"]
[EventCountry "RUS"]
[SourceTitle "CBM 050"]
[Source "ChessBase"]
[SourceDate "1996.02.01"]
[SourceVersion "1"]
[SourceVersionDate "1996.02.01"]
[SourceQuality "1"]

1. e4 c5 2. Nf3 Nc6 3. Bb5 e6 4. O-O Nge7 5. c3 (5. b3 $5 a6 6. Bxc6 Nxc6 7.
Bb2 d6 8. d4 cxd4 9. Nxd4 Qf6 10. c4 $14) 5... d5 (5... a6 6. Ba4 d5) 6. exd5 (
6. e5 Bd7) 6... Qxd5 (6... Nxd5 7. Ne5 Qc7 8. d4 cxd4 9. Qxd4 Bd7 10. Bxc6 Bxc6
11. c4 Nb4 12. Na3 $14) 7. Re1 Bd7 (7... g6 $2 8. d4 Bg7 (8... cxd4 9. Nxd4 Bg7
10. Nxc6 bxc6 11. Qxd5 $18) 9. c4 Qd8 10. d5 $16) 8. Na3 Ng6 9. Bf1 Be7 10. d4
(10. Nb5 Rc8 11. c4 Qh5 12. h3 a6 13. g4 Qh6 14. d4) 10... cxd4 11. Nb5 Rc8 12.
Nbxd4 Nxd4 13. Nxd4 a6 (13... O-O 14. Nf5 Qxf5 15. Qxd7 $14) 14. g3 Qc5 15. Bg2
b5 16. h4 $1 (16. Be3 Qc7 17. Qh5 O-O 18. Rad1) 16... Bf6 17. Be3 Qc7 18. Nf5
O-O 19. Nd6 Rcd8 20. Nb7 Rb8 {N/} (20... Rc8 21. h5 Ne5 22. Bf4 Bc6 23. Bxc6
Qxc6 24. Bxe5 Bxe5 25. Rxe5 Qxb7 26. h6 Qe7 $14 {Kasparov,G-Salov,V/Amsterdam/
1991/}) 21. Nc5 Bc8 22. h5 Ne5 23. Bd4 $6 (23. Ne4 $5 Be7 (23... Rd8 24. Nxf6+
gxf6 25. Qc2 $40) 24. Bf4 $16) 23... Nd7 (23... Rd8 $2 24. Rxe5 Rxd4 (24...
Bxe5 25. Bxe5 Rxd1+ 26. Rxd1 $18) 25. cxd4 Bxe5 26. dxe5 $18) 24. Nxd7 Qxd7 25.
Bxf6 Qxd1 26. Raxd1 gxf6 27. h6 (27. Rd6 $5 Kg7 28. f4 Kh6 29. Bf3 Bb7 30. Kf2
$16) 27... Rb6 28. Rd2 Re8 29. Rc1 $6 (29. Red1 Kf8 30. Rd6 Rxd6 31. Rxd6 Ke7
32. Rb6 Rd8) 29... e5 30. Rcd1 (30. c4 bxc4 31. Rxc4 f5 $10) 30... Kf8 31. Rd6
Rxd6 32. Rxd6 Ke7 33. Rc6 f5 34. Rc7+ (34. Bd5 Rd8 35. Bb3 Be6 36. Rxa6 Rd2 $10
) 34... Kf6 35. Bd5 Be6 36. Rc6 Rd8 37. Bxe6 fxe6 38. Rxa6 $10 Rd1+ 39. Kg2 e4
40. Ra7 (40. Rb6 Rd2 41. Rxb5 e3 42. Kf1 exf2 43. a4 e5) 40... Rd2 41. Kg1 Rxb2
42. Rxh7 Kg6 43. Rb7 Kxh6 44. a4 Rc2 45. axb5 Rxc3 46. Rb8 Kg7 47. b6 Rb3 48.
b7 Rb2 49. Kf1 e5 1/2-1/2

[Event "RUS-ch"]
[Site "Elista"]
[Date "1995.??.??"]
[Round "6"]
[White "Morozevich, Alexander"]
[Black "Sveshnikov, Evgeny"]
[Result "1-0"]
[WhiteElo "2630"]
[BlackElo "2580"]
[Annotator "Dolmatov,S"]
[PlyCount "77"]
[EventDate "1995.10.??"]
[EventType "swiss"]
[EventRounds "11"]
[EventCountry "RUS"]
[SourceTitle "CBM 050"]
[Source "ChessBase"]
[SourceDate "1996.02.01"]
[SourceVersion "1"]
[SourceVersionDate "1996.02.01"]
[SourceQuality "1"]

1. e4 c5 2. Nf3 Nc6 3. Bb5 e6 4. O-O Nge7 5. c3 d5 6. e5 $6 (6. exd5) 6... Bd7
7. Re1 $2 (7. Ba4 Ng6 (7... d4 $5 $13) (7... Nf5 8. Bc2 Be7 9. d4) 8. d4 f6 9.
Re1 $14) 7... Nf5 $2 (7... Nxe5 8. Nxe5 Bxb5 9. Qh5 g6 (9... Ng6 10. Nxg6 fxg6
11. Qg4 (11. Rxe6+ Kf7 $17 12. Qe5 Bd7) 11... Bd7 $17) 10. Qf3 Nf5 11. g4 Nd6
$17) 8. Bf1 Be7 9. d3 O-O 10. g3 f6 11. exf6 Bxf6 (11... gxf6 $5 12. Bg2 Bd6
$15) 12. Na3 g5 $6 (12... h6 13. Bg2 Qc7 $15) 13. Bg2 h6 14. Nc2 Qb6 $6 (14...
Bg7 15. Ne3) (14... Qc7 15. Ne3 Bg7) 15. Qe2 $6 (15. Ne3 $5 Nxe3 16. Bxe3 Qxb2
17. Bxc5 Bxc3 18. Rb1 Qxa2 19. Re2 $16) 15... Rae8 16. Ne3 Bg7 17. Qc2 (17.
Nxf5 $6 exf5 18. Qd1 d4) 17... Nxe3 18. Bxe3 e5 19. h4 $1 (19. b4 $6 d4 $13)
19... g4 (19... d4 20. Bc1 g4 21. Nd2 $14) 20. Nd2 $16 Be6 (20... d4 $2 21. Nc4
dxe3 22. Nxb6 exf2+ 23. Qxf2 Rxf2 24. Nxd7 Rxb2 25. Nxc5 $14) 21. b4 d4 22.
bxc5 Qa6 (22... Qxc5 23. Ne4 (23. Nb3 $2 Qxc3 24. Qxc3 dxc3 25. Nc5 Bc8 26.
Rac1 Nd4 27. Rxc3 e4 $40) 23... Qe7 24. cxd4 $16) 23. cxd4 e4 (23... exd4 24.
Bf4 Nb4 25. Qb1 Nxd3 26. Rxe6 Rxe6 27. Bf1 $16) 24. Nxe4 Nxd4 25. Qd2 $16 Bd5
26. Nf6+ Qxf6 27. Bxd5+ Kh7 28. Rab1 (28. Be4+ $2 Rxe4 $17) 28... b6 29. cxb6
axb6 30. Rb4 Nf3+ 31. Bxf3 gxf3 32. Rxb6 Re6 33. Rxe6 Qxe6 34. Kh2 (34. Bc5 $4
Qh3 $19) 34... Qf5 35. Rc1 Rb8 36. d4 Qg4 37. Rc7 Kh8 (37... Rb1 38. Qc2+ $18 (
38. Bxh6 $4 Rh1+ $19)) 38. Qc2 Qe6 39. Rxg7 1-0

[Event "URS-ch52 First League"]
[Site "Sverdlovsk"]
[Date "1984.11.??"]
[Round "?"]
[White "Gurgenidze, Bukhuti"]
[Black "Gorelov, Sergey G"]
[Result "1-0"]
[WhiteElo "2470"]
[BlackElo "2445"]
[Annotator "Dolmatov,S"]
[PlyCount "63"]
[EventDate "1984.11.15"]
[EventType "tourn"]
[EventRounds "15"]
[EventCountry "URS"]
[EventCategory "9"]
[SourceTitle "MCL"]
[Source "ChessBase"]
[SourceDate "1999.07.01"]
[SourceVersion "1"]
[SourceVersionDate "1999.07.01"]
[SourceQuality "1"]

1. e4 c5 2. Nc3 e6 3. Nf3 Nc6 4. Bb5 Nge7 5. O-O Ng6 6. d4 cxd4 7. Nxd4 Be7 8.
Be3 O-O 9. Qh5 Nxd4 10. Bxd4 a6 $6 (10... Qa5 $5 11. e5 a6 12. Bd3 d6 13. Rae1
$1 (13. f4 $2 dxe5 14. fxe5 Bc5 $15) 13... Bd7 (13... f6 $13) 14. Re4 $40) 11.
Bd3 Qc7 12. e5 Bc5 (12... d6 13. Rae1 $5 $14 (13. exd6 $6 Bxd6 14. Ne4 Be5 15.
Ng5 h6 16. Nxf7 Rxf7 17. Bb6 $132)) 13. Ne2 d6 (13... Bxd4 $5 14. Nxd4 d6 (
14... Qxe5 $2 15. Bxg6 $18) 15. Nf3 dxe5 16. Ng5 $2 (16. Nxe5 Qxe5 17. Bxg6
Qxh5 18. Bxh5 Bd7 $10) 16... h6 17. Nxf7 Nf4 $17) 14. exd6 Bxd6 15. Rad1 e5 $6
(15... b5 16. Be4 Rb8 17. Rd3 $13) 16. Bc3 f5 (16... Be6 17. Bf5 (17. Ng3 $5
$14) 17... Qe7 18. Ng3 $14) 17. Bc4+ $1 Qxc4 $6 (17... Kh8 $5 18. Rd3 f4 19.
Bd5 Bf5) 18. Rxd6 f4 19. Rxg6 $1 hxg6 20. Qxe5 $44 Rf7 (20... Qf7 21. Nxf4 $16)
21. Qe8+ Kh7 (21... Rf8 22. Qxg6 Qf7 23. Nxf4 $16) 22. Re1 (22. Rd1 Bg4 (22...
Bh3 $2 23. Qxa8 Qxe2 24. Rd8 (24. Re1 $2 Qg4) 24... Rf8 (24... g5 25. gxh3) 25.
gxh3 $18) 23. Qxa8 Qxe2 24. Rd8 $2 (24. Re1 Qxc2) 24... Rf8) 22... b5 (22...
Qe6 $5 23. Qxe6 Bxe6 24. Nxf4 Bxa2 $10) 23. Qd8 Bb7 24. Qh4+ Kg8 25. Nd4 b4 (
25... Qd5 26. Nf3 Qh5 $10) 26. Ne6 bxc3 $2 (26... Re8 27. Ng5 Rxe1+ 28. Bxe1
$40 Re7 (28... Qd5 29. Qh7+ Kf8 30. Bxb4+ Ke8 31. Qg8+ Kd7 32. Qxf7+ $18) 29.
Bxb4 $16) (26... Qd5 $1 27. f3 Qh5 28. Qxh5 gxh5 29. Bxb4 Re8 $10) 27. Ng5 Rf5
28. b3 $1 $18 Qd5 29. Qh7+ Kf8 30. Ne6+ Qxe6 (30... Ke7 31. Nxf4+ $18) 31. Rxe6
Kf7 32. Qxg6+ 1-0

[Event "Match/Nation URS-YUG  31-9"]
[Site "Tallinn"]
[Date "1977.11.13"]
[Round "2.4"]
[White "Dvoretzky, Mark"]
[Black "Simic, Radoslav"]
[Result "1-0"]
[WhiteElo "2525"]
[BlackElo "2375"]
[Annotator "Dvoretzky,M"]
[PlyCount "79"]
[EventDate "1977.11.12"]
[EventType "team-match"]
[EventRounds "4"]
[EventCountry "URS"]
[SourceTitle "EXT 2018"]
[Source "ChessBase"]
[SourceDate "2017.10.13"]
[SourceVersion "1"]
[SourceVersionDate "2017.10.13"]
[SourceQuality "1"]
[WhiteTeam "URSS"]
[BlackTeam "Yugoslavia"]
[WhiteTeamCountry "URS"]
[BlackTeamCountry "YUG"]

1. e4 {1)Dvoretzky:Secrets of chess tactics.} c5 2. Nf3 Nc6 3. Bb5 Nf6 4. Qe2
g6 5. Nc3 $146 (5. O-O Bg7 6. c3 O-O 7. Rd1 e5 8. Na3 Re8 9. d3 a6 10. Bxc6
bxc6 11. Be3 d6 12. b4 cxb4 13. cxb4 d5 14. Rac1 Bd7 15. Bd2 Qe7 16. Nb1 Nh5
17. a3 Nf4 18. Bxf4 exf4 19. Qd2 g5 20. exd5 cxd5 21. h3 h5 22. d4 Be6 23. Ne5
f6 24. Nd3 f3 25. Re1 Qf7 26. Nc5 Bf5 27. Nc3 fxg2 28. Kxg2 Bh6 29. Rxe8+ Rxe8
30. Qa2 Bxh3+ 31. Kg1 Rd8 32. Re1 Bc8 33. Qe2 g4 34. a4 f5 {Tseshkovsky,V 
(2550)-Sveshnikov,E (2510) Minsk 1976 1/2-1/2}) 5... Bg7 6. e5 Ng4 7. Bxc6 dxc6
8. h3 Nh6 9. g4 O-O 10. d3 f5 11. g5 Nf7 12. Bf4 Qa5 13. Qe3 Nd8 {[#]} 14. h4
$6 (14. Kf1 Ne6 15. Ne2 {[%cal Gf1g2,Gh3h4] Dvoretzky}) 14... Ne6 15. O-O-O b5
16. h5 Rd8 17. hxg6 hxg6 18. Nh4 Kf7 19. Ne2 Qxa2 20. Nxg6 Kxg6 21. Qf3 Kf7 22.
Rh7 Qa1+ 23. Kd2 Qa5+ 24. c3 Ke8 25. Qxc6+ Bd7 26. Qh1 Rdc8 27. Rxg7 Nxg7 28.
Qh8+ Kf7 29. g6+ Ke6 30. Qxg7 Be8 31. Qg8+ Kd7 32. g7 Kc7 33. Qd5 Bc6 34. Qxc5
Kb7 35. e6 Qa2 36. Qxe7+ Ka6 37. Nd4 Qxb2+ 38. Nc2 Bd5 39. Ra1+ Ba2 40. Qb4 1-0

[Event "FRA-ch 93rd"]
[Site "Nimes"]
[Date "2018.08.25"]
[Round "8"]
[White "Edouard, Romain"]
[Black "Loiseau, Quentin"]
[Result "1-0"]
[WhiteElo "2638"]
[BlackElo "2417"]
[Annotator "Edouard,R"]
[PlyCount "154"]
[EventDate "2018.08.18"]
[EventType "tourn"]
[EventRounds "9"]
[EventCountry "FRA"]
[EventCategory "14"]
[SourceTitle "CBM 186"]
[Source "ChessBase"]
[SourceDate "2018.09.14"]
[SourceVersion "1"]
[SourceVersionDate "2018.09.14"]
[SourceQuality "1"]

1. e4 c5 2. Nf3 Nc6 3. Bb5 e6 4. Bxc6 bxc6 5. b3 f6 6. O-O e5 7. Re1 $6 $146 {
A new idea which I had over the board. If you check the game and my analysis
of 9.d4, you will see what I missed, and the reason why this move isn't any
good!  The whole line is probably OK for Black though.} (7. Nh4 {Another move
was played in the two existing games, but both times it went excellently for
White.} g6 $1 $146 (7... Ne7 $6 8. f4 d6 9. fxe5 dxe5 10. Bb2 Be6 11. d3 Qd7
12. Nd2 Ng6 13. Nf5 Nf4 14. Nc4 $14 {½-½ (40) Nozdrachev,V (2455)-Fedorov,A 
(2565) Samara 2016}) (7... Nh6 $6 8. d4 Nf7 9. d5 g6 10. Nf3 Bb7 11. Nc3 Bg7
12. Qd3 $14 {1-0 (42) Gharamian,T (2626)-Sebenik,M (2534) Hersonissos 2017}) 8.
f4 (8. d3 Nh6 9. f4 exf4 10. Bxf4 Nf7 {transposes}) 8... exf4 9. d3 Nh6 10.
Bxf4 Nf7 $13) (7. d3 {is very possible, but of course here Black should play ..
.Ne7 or ...d6 and not} d5 $6 8. Ba3 Bg4 9. h3 Bh5 10. Re1 Be7 11. Nc3 c4 12.
Bxe7 Nxe7 13. dxc4 dxc4 14. Qe2 $16 {½-½ (46) Bok,B (2604)-Shirov,A (2686)
SWE 2016}) (7. c3 d5 8. Qe2 {is a bit similar to my game, except White was
smarter not including Re1 and Qe2!} dxe4 (8... a5 $5 {played by Moiseenko also
makes sense}) 9. Qxe4 Ne7 $1 (9... Qd5 10. d3 Ne7 11. c4 Qd8 12. Rd1 Bf5 13.
Qe2 Bg4 14. Nc3 $36 {0-1 (36) Naiditsch,A (2689)-Jakovenko,D (2736) Moscow 2009
}) 10. d4 ({The ugly} 10. Re1 {would transpose to the game!}) 10... Bf5 11. Qe2
cxd4 12. cxd4 exd4 13. Rd1 (13. Qc4 Qd5 14. Qxd4 Qxd4 15. Nxd4 O-O-O $11) 13...
d3 14. Qe3 Qd7 15. Nc3 O-O-O 16. Bb2 Ng6 $6 (16... Nd5 17. Nxd5 Qxd5 18. Qxa7
Bc5 $15) 17. Rac1 Bb4 18. Nb5 $1 {½-½ (36) Bologan,V (2607)-Shirov,A (2712)
RUS 2015, and White took over.}) 7... Ne7 8. c3 ({The engine first suggests} 8.
Nh4 $146 {but I think after} d6 {followed by ...h5, possibly ...g5, Black is
fine.}) 8... d5 9. Qe2 (9. d4 $6 dxe4 10. Rxe4 cxd4 11. cxd4 c5 $1 $15 {
is what I had missed when playing 7.Re1.}) 9... dxe4 10. Qxe4 Bf5 11. Qc4 (11.
Qa4 $5 Bd3 $8 12. c4 {is the engine suggestion, with ideas like} e4 (12... g5
$5) 13. Nc3 exf3 14. Qxc6+ Kf7 15. Qe6+ Kg6 (15... Ke8 16. Nb5) 16. Qg4+ Kf7
$11 {but besides the fact it seems Black can force a draw, I just don't like
it.}) 11... Bd3 ({I thought} 11... Qd5 12. d4 Qxc4 13. bxc4 exd4 14. cxd4 cxd4
15. Nxd4 {was giving me something of an edge, but missed} O-O-O $1 $11) 12.
Qxc5 Qd7 (12... Qc7 $5 {was bothering me more, although after} 13. Qb4 {
the game remains unclear.}) ({The engine even likes the simple but weird} 12...
Qb6 $5) 13. Ba3 Nd5 $2 {A blunder, missing White's next move.} (13... a5 $1 {
was bothering me. My plan was to go} 14. Qd6 {but it's clear Black has at
least full compensation.} (14. Qb6 $5 {is the engine's idea, with crazy lines
like} g5 $5 15. c4 Kf7 16. Bxe7 Bxe7 17. Nc3 a4 18. Rxe5 Bd8 19. Qe3 axb3 20.
Rd5 cxd5 21. Qxd3 Ra3 22. Nd4 $13)) ({Many other moves, like} 13... g5 {
were also interesting.}) (13... Ng6 $5 14. Qe3 Ne7 $5 $11 {was a funny one,
threatening ...Nf5!.} (14... Bxa3 $5 15. Nxa3 O-O $44)) 14. Qd4 $1 Bxb1 $6 (
14... Ne7 15. Qxd7+ Kxd7 16. c4 $14) (14... Bg6 15. Bxf8 Kxf8 {might have been
the least damage.}) 15. Bxf8 Bf5 (15... O-O-O 16. Qc4 Bf5 17. Bc5 $16) 16. Bxg7
{It was possible to play 16.Rc5 and transpose into 15...0-0-0 above, but I
considered this piece sacrifice (for four pawns!) to be more linear.} O-O-O 17.
Nxe5 fxe5 (17... Qxg7 $6 18. Nxc6 $18) 18. Bxe5 Rhg8 19. Bg3 {White isn't
winning by force, but he's simply playing with four pawns. He's not mating
either, but Black doesn't have much freedom if he wants to keep his king safe.}
h5 20. f3 Rde8 21. Re5 Rxe5 22. Qxe5 Kb7 23. Re1 Bg6 24. Qd4 Re8 25. Rxe8 {
I considered this exchange good for White: now I can enjoy a wonderful
h2-square for my king.} Qxe8 26. h4 Qe6 27. c4 Nb6 28. a4 Qd7 29. Qe5 Bc2 30.
a5 Nc8 31. d4 $6 (31. Qxh5 $1 Bxb3 32. Qc5 {was winning right away.}) 31... Ka6
32. b4 (32. Qxh5 Qxd4+ 33. Kh2 {was still right, if} Bxb3 {then} 34. Qe8 $1 $18
) 32... Bd3 33. Qc5 (33. d5 Bxc4 34. dxc6 Qxc6 35. Qxh5) 33... Ne7 34. d5 cxd5
35. b5+ $6 {Starting to make my life complicated.} (35. Bd6 $1 {I first had
the same idea, except if} Bxc4 36. Bxe7 $18 {Black isn't collecting the b-pawn.
}) 35... Kb7 36. Bd6 Bxc4 37. a6+ Ka8 38. Bxe7 Bxb5 39. Bd6 Bxa6 (39... Qc6 40.
Qxc6+ Bxc6 41. g4 Bb5 42. Kf2 {just wins. Black needs too much time to bring
his king.}) 40. Qxd5+ Bb7 41. Qd4 $6 {At this moment I started to overestimate
my position, and did not understand I should do something smart if I want to
avoid the excellent Bc6/Kb7/Qd5 defensive setup Black got in the game.} (41.
Qg8+ $1 Bc8 42. Bg3 $18) 41... Bc6 42. Qc5 $6 (42. Qh8+ Kb7 (42... Qe8 43. Qc3
Kb7 44. Bg3 $18) 43. Qb8+ Ka6 44. Bc5 $18) 42... Kb7 43. Bg3 $6 Qd5 {The
position is no longer an easy win.} 44. Qb4+ Qb5 45. Qe7+ Bd7 46. Be1 Qd5 47.
Qa3 $2 {One more blunder - what a technique! Of course, I immediately realized
I had found the only way to let Black push his a-pawn.} a5 $1 48. Kh2 (48. Qxa5
$2 Qxa5 49. Bxa5 Kc6 $11) (48. Bxa5 $2 Qd4+ $11) 48... a4 49. Qb4+ Qb5 50. Qe7
Qd5 51. Bg3 {White can still torture Black, but with precise defence the game
should be a draw.} Qb5 52. Qd6 Qc6 53. Qb8+ Ka6 54. Bf2 Qb7 55. Qd6+ Qc6 56.
Qd3+ Kb7 57. Qd4 Qc7+ 58. Bg3 Qc6 59. Bd6 Qb5 60. Bc5 Qc6 61. Qe5 ({Exchanging
queens will never work if the white king is still on h2:} 61. Qb4+ Qb5 62. Kg3
$2 Qxb4 63. Bxb4 Kc6 64. Kf4 Kd5 65. Kg5 Be8 66. g4 Ke6 $1 $11) 61... Be8 62.
Bd6 Bd7 63. Kg3 Qb5 64. Bc5 Be8 65. Kf4 Qc4+ 66. Kg3 Qb5 67. Qd4 Qd7 68. Bd6
Qb5 69. Kf4 Bd7 (69... Qd7 $1 {with the idea} 70. g4 ({if} 70. Qb4+ {Black is
no longer in time to trade queens, but after} Ka6 71. Qc4+ Kb7 72. Qd5+ Qc6 {
he is in time again}) 70... Qf7+ 71. Kg3 hxg4 72. fxg4 Qb3+ 73. Kf4 Qf7+ {
was annoying.}) 70. Bc5 (70. g4 $1 {right away was possible.}) 70... Be8 71. g4
$1 hxg4 $2 {Phew - after this move all endings are lost for Black.} (71... Qb3
$1 {was sitll no piece of cake for White.}) 72. fxg4 Bd7 $6 (72... Qf1+ 73. Ke5
$18) 73. Qb4 $1 Kc8 74. Qxb5 Bxb5 75. g5 Kd7 76. g6 Ke6 77. Kg5 Kd5 1-0